Speedy Pi digits 601-700 - Statistics

General Stats
  • This quiz has been taken 561 times
  • The average score is 46 of 100
Answer Stats
Digit % Correct
0
100%
0
100%
0
95%
5
95%
6
91%
8
91%
1
82%
1
82%
2
82%
7
82%
4
77%
2
73%
5
73%
6
73%
0
68%
3
68%
5
68%
6
68%
2
64%
5
64%
7
64%
7
64%
8
64%
8
64%
1
59%
2
59%
3
59%
4
59%
7
59%
7
59%
5
55%
7
55%
7
55%
0
50%
1
50%
1
50%
3
50%
3
50%
6
50%
6
50%
7
50%
7
50%
7
50%
7
50%
8
50%
8
50%
9
50%
9
50%
7
45%
0
41%
1
41%
2
41%
4
41%
4
41%
4
41%
6
41%
8
41%
0
36%
1
36%
2
36%
2
36%
3
36%
4
36%
4
36%
5
36%
9
36%
9
36%
0
27%
1
27%
3
27%
4
27%
4
27%
5
27%
6
27%
0
23%
0
23%
1
23%
2
23%
2
23%
2
23%
2
23%
3
23%
3
23%
5
23%
5
23%
5
23%
5
23%
6
23%
7
23%
7
23%
7
23%
8
23%
8
23%
8
23%
9
23%
9
23%
9
23%
9
23%
9
23%
5
18%
No matching quizzes found
Score Distribution
Percent of People with Each Score
Percentile by Number Answered
Your Score History
You have not taken this quiz